000 01136cam a22001934a 4500
005 20250605164359.0
008 250528s ||||||||||||||||||||||||d
035 _a24483
040 _aGR-AtMCL
_bgre
_dGR-AtMCL
_eAACR2
245 1 _aΚαινοτομία με Επίκεντρο την Εμπειρία του Πελάτη / ΕΡΤ: Σχεδιάζει Ολικό Rebranding ως το Καλοκαίρι
260 _c2020
300 _a42
520 _a10 Χρόνια Ανάπτυξης με Επίκεντρο τον Άνθρωπο, Με Επίκεντρο την Εμπειρία του Πελάτη, Σπάζοντας το Βάζο με τα Cookies (τρίτων), 2030: Το Al Κυριαρχεί σε Marketing και CX, Τεχνολογία και Καινοτομία Εδραιώνουν την Κυριαρχή του 'Νομίσματος' της Εμπειρίας, Η Εμπειρία του Πελάτη ανά Τετραγωνικό Καταστήματος.
700 1 _aΚορδελάς Δημήτρης
_99464
942 _cCR
710 2 _aThe Marketing Week
_99825
999 _c9361
_d9361